|
|
|
|
| LEADER |
00000nam0a2200000 4500 |
| 001 |
8548 |
| 005 |
20231030181914.0 |
| 010 |
|
|
|a 5793100180
|
| 035 |
|
|
|a (RuTPU)RU\TPU\book\8597
|
| 035 |
|
|
|a BOOK00008656
|
| 090 |
|
|
|a 8548
|
| 100 |
|
|
|a 20011209d1998 m y0rusy50 ca
|
| 101 |
0 |
|
|a rus
|
| 102 |
|
|
|a RU
|
| 105 |
|
|
|a y j 000zy
|
| 200 |
1 |
|
|a Электроника
|e курс лекций
|f В. А. Прянишников
|
| 210 |
|
|
|a СПб.
|c Корона принт
|d 1998
|
| 215 |
|
|
|a 400 с.
|
| 225 |
1 |
|
|a Учебник для высших и средних учебных заведений
|
| 451 |
|
1 |
|0 (RuTPU)RU\TPU\book\26957
|y 5-7931-0018-0
|t Электроника
|o Курс лекций
|f В. А. Прянишников
|e 2-е изд., испр. и доп.
|c СПб.
|n Корона принт
|d 2000
|p 415 с.
|a Прянишников, Виктор Алексеевич
|
| 610 |
1 |
|
|a электроника
|
| 610 |
1 |
|
|a учебные пособия
|
| 610 |
1 |
|
|a электронные элементы
|
| 610 |
1 |
|
|a электронные устройства
|
| 610 |
1 |
|
|a питание
|
| 610 |
1 |
|
|a цифровые элементы
|
| 610 |
1 |
|
|a компьютерное моделирование
|
| 610 |
1 |
|
|a электропитание
|
| 610 |
1 |
|
|a источники
|
| 675 |
|
|
|a 621.38(075.8)
|v 3
|
| 700 |
|
1 |
|a Прянишников
|b В. А.
|g Виктор Алексеевич
|
| 801 |
|
0 |
|a RU
|b 63413507
|c 20011209
|g PSBO
|
| 801 |
|
2 |
|a RU
|b 63413507
|c 20211206
|g PSBO
|
| 900 |
|
|
|a Электроника и микропроцессорная техника
|
| 900 |
|
|
|a Электроника в приборостроении
|
| 942 |
|
|
|c BK
|